<?xml version="1.0" encoding="UTF-8"?>
<record
    xmlns:xsi="http://www.w3.org/2001/XMLSchema-instance"
    xsi:schemaLocation="http://www.loc.gov/MARC21/slim http://www.loc.gov/standards/marcxml/schema/MARC21slim.xsd"
    xmlns="http://www.loc.gov/MARC21/slim">

  <leader>01984nam a22002897a 4500</leader>
  <datafield tag="999" ind1=" " ind2=" ">
    <subfield code="c">21996</subfield>
    <subfield code="d">21996</subfield>
  </datafield>
  <controlfield tag="003">AR-CdUCM</controlfield>
  <controlfield tag="008">190425b           ||||| |||| 00| 0 spa d</controlfield>
  <datafield tag="040" ind1=" " ind2=" ">
    <subfield code="a">MUNICIPALIDAD PROVINCIAL DEL CUSCO</subfield>
    <subfield code="c">BIBLIOTECA MUNICIPAL DEL CUSCO</subfield>
  </datafield>
  <datafield tag="082" ind1=" " ind2=" ">
    <subfield code="a">Saqsaywaman/N&#xB0;6/2003</subfield>
  </datafield>
  <datafield tag="110" ind1=" " ind2=" ">
    <subfield code="a">Instituto Nacional de Cultura Region Cusco</subfield>
    <subfield code="9">29198</subfield>
  </datafield>
  <datafield tag="245" ind1=" " ind2=" ">
    <subfield code="a">Revista Saqsaywaman :</subfield>
    <subfield code="c">Instituto Nacional de Cultura Region Cusco.</subfield>
  </datafield>
  <datafield tag="260" ind1=" " ind2=" ">
    <subfield code="a">Cusco.</subfield>
    <subfield code="b">INC,</subfield>
    <subfield code="b">Pantigozo,</subfield>
    <subfield code="c">2003.</subfield>
  </datafield>
  <datafield tag="300" ind1=" " ind2=" ">
    <subfield code="a">279 p&#xE1;ginas. :</subfield>
    <subfield code="b">ilustraciones ;</subfield>
    <subfield code="c">19 cm.</subfield>
  </datafield>
  <datafield tag="440" ind1=" " ind2=" ">
    <subfield code="a">Revista Saqsaywaman.</subfield>
    <subfield code="n">N&#xB0;6, 2003</subfield>
    <subfield code="9">47099</subfield>
  </datafield>
  <datafield tag="505" ind1=" " ind2=" ">
    <subfield code="a">Contenido: Una Metodolog&#xED;a para el estudio de la Historia de la Arqueolog&#xED;a, un caso del Per&#xFA; (1524-1900). Sergio J. Ch&#xE1;vez F.
-- Pinturas rupestres en Callacpuma Cajamarca estudio econol&#xF3;gico preliminar. -- Luc&#xED;a Medina. -- Petroglifos de Pi&#xF1;ipampa. -- Miguel Colque Enr&#xED;quez. -- Excavaciones arqueol&#xF3;gicas en el sector Suchuna del parque arqueol&#xF3;gico de Saqsaywaman, un bosquejo de interpretaci&#xF3;n de los contextos funerarios. Francisco Sol&#xED;s. -- Hallazgos en Muyumarka de Saqsaywaman, pr&#xF3;tesis dental Inka. Percy Bonnett Medina. -- La estructura biespacial en los trece templos Inka de Raqch&#x2019;i. Pedro Taca Chunga. --Contextos funerarios coloniales, una interpretaci&#xF3;n a su estudio. Richard Alegr&#xED;a S&#xE1;nchez. -- El adobe como material constructivo de &#xE9;poca Prehisp&#xE1;nica. Arminda M. Gibaja Oviedo. -- Pacha Unancha: Astronom&#xED;a Inka en Urubamba. Carlos Ayme Carrasco. Mereida Puma Soria. Octavio Fern&#xE1;ndez Carrasco.</subfield>
  </datafield>
  <datafield tag="650" ind1=" " ind2=" ">
    <subfield code="a">Arqueolog&#xED;a cusque&#xF1;a</subfield>
    <subfield code="9">9322</subfield>
  </datafield>
  <datafield tag="650" ind1=" " ind2=" ">
    <subfield code="a">Historia del Cusco</subfield>
    <subfield code="9">1714</subfield>
  </datafield>
  <datafield tag="650" ind1=" " ind2=" ">
    <subfield code="a">Inkas</subfield>
    <subfield code="9">1899</subfield>
  </datafield>
  <datafield tag="650" ind1=" " ind2=" ">
    <subfield code="a">Monumentos hist&#xF3;ricos</subfield>
    <subfield code="9">6891</subfield>
  </datafield>
  <datafield tag="700" ind1=" " ind2=" ">
    <subfield code="a">Gibaja Oviedo, Arminda</subfield>
    <subfield code="9">29271</subfield>
  </datafield>
  <datafield tag="700" ind1=" " ind2=" ">
    <subfield code="a">Colque Enr&#xED;quez, Miguel</subfield>
    <subfield code="9">47100</subfield>
  </datafield>
  <datafield tag="700" ind1=" " ind2=" ">
    <subfield code="a">Bonnett Medina, Percy</subfield>
    <subfield code="9">47101</subfield>
  </datafield>
  <datafield tag="700" ind1=" " ind2=" ">
    <subfield code="a">Ayme Carrasco, Carlos</subfield>
    <subfield code="9">47102</subfield>
  </datafield>
  <datafield tag="856" ind1=" " ind2=" ">
    <subfield code="u">http://bvirtual.culturacusco.gob.pe/items/show/105</subfield>
    <subfield code="z">Leer en digital</subfield>
  </datafield>
  <datafield tag="942" ind1=" " ind2=" ">
    <subfield code="2">ddc</subfield>
    <subfield code="c">PP</subfield>
  </datafield>
  <datafield tag="945" ind1=" " ind2=" ">
    <subfield code="a">rac</subfield>
  </datafield>
  <datafield tag="952" ind1=" " ind2=" ">
    <subfield code="0">0</subfield>
    <subfield code="2">ddc</subfield>
    <subfield code="4">0</subfield>
    <subfield code="7">0</subfield>
    <subfield code="a">HEM</subfield>
    <subfield code="b">HEM</subfield>
    <subfield code="c">CART</subfield>
    <subfield code="d">2022-02-02</subfield>
    <subfield code="g">10.00</subfield>
    <subfield code="o">Saqsaywaman/N&#xB0;6/2003</subfield>
    <subfield code="p">REVC000515</subfield>
    <subfield code="r">2022-02-02</subfield>
    <subfield code="y">PP</subfield>
  </datafield>
</record>
